[Event "St Jean op-B"]
[Site "St Jean sur Richelieu"]
[Date "2005.06.25"]
[Round "2"]
[White "Charland, Jean Bruno"]
[Black "Myre, Eric"]
[Result "0-1"]
[WhiteElo "1527"]
[BlackElo "1833"]
[PlyCount "90"]
[EventDate "2005.06.??"]
[EventType "swiss"]
[EventRounds "5"]
[EventCountry "CAN"]
[SourceTitle "EXT 2007"]
[Source "ChessBase"]
[SourceDate "2006.11.23"]
[SourceVersion "1"]
[SourceVersionDate "2006.11.23"]
[SourceQuality "1"]

1. d4 Nf6 2. c4 c5 3. d5 b5 4. cxb5 a6 5. bxa6 g6 6. Nc3 Bxa6 7. Nf3 Bg7 8. d6 exd6 9. Qxd6 Qe7 10. Qxe7+ Kxe7 11. Bg5 Bb7 12. e3 h6 13. Bf4 Nd5 14. Be5 Bxe5 15. Nxe5 Nxc3 16. bxc3 Ra3 17. Kd2 Nc6 18. Nc4 Ra7 19. Nb6 Na5 20. Kc2 Rb8 21. Na4 d6 22. f3 Bd5 23. Rb1 Rxb1 24. Kxb1 Nc4 25. Bxc4 Bxc4 26. Nb2 Bxa2+ 27. Kc2 c4 28. Kd2 Bb3 29. Rb1 Ra2 30. Kc1 Kf6 31. Kd2 h5 32. Kc1 Kf5 33. Kd2 g5 34. h3 Ke6 35. Kc1 f5 36. Kd2 Kf7 37. Kc1 h4 38. Kd2 Kf6 39. Kc1 g4 40. Nxc4 Bxc4 41. Rb6 Ra1+ 42. Kb2 Ra6 43. Rb4 d5 44. e4 Ra2+ 45. Kc1 Rxg2 0-1